[Event "Ankara Baskent Univ op 6th"]
[Site "Ankara"]
[Date "2023.08.19"]
[Round "8"]
[White "Atis, Hasan"]
[Black "Yungucu, Arda"]
[Result "0-1"]
[WhiteElo "1977"]
[BlackElo "2043"]
[PlyCount "100"]
[EventDate "2023.08.15"]
[EventType "swiss"]
[EventRounds "9"]
[EventCountry "TUR"]
[SourceTitle "CBM 215 Extra"]
[Source "ChessBase"]
[SourceDate "2023.09.30"]
[SourceVersion "1"]
[SourceVersionDate "2023.09.30"]
[SourceQuality "1"]

1. e4 c5 2. Nf3 Nc6 3. Bb5 e6 4. 0-0 Nge7 5. c3 a6 6. Ba4 b5 7. Bc2 d5 8. e5 d4 9. Be4 Bb7 10. Qe2 Nd5 11. d3 Be7 12. c4 bxc4 13. dxc4 Nb6 14. Ne1 Qc7 15. f4 0-0-0 16. b3 f5 17. exf6 gxf6 18. Nd3 f5 19. Bf3 Bd6 20. Qxe6+ Kb8 21. Ba3 Rde8 22. Qxf5 Ne7 23. Qh5 Bxf3 24. Rxf3 Nd7 25. b4 Ng6 26. bxc5 Bxf4 27. Rf1 Nf6 28. Qd1 Bxh2+ 29. Kh1 Ne4 30. Rf3 Nh4 31. Rh3 Bg3 32. Nd2 Nc3 33. Qg4 Rhg8 34. Qxd4 Qc6 35. Rg1 Nxg2 36. Nb4 Qe6 37. Rh5 Rg5 38. Rxh7 Rg6 39. Rxg2 Rh6+ 40. Rxh6 Qxh6+ 41. Kg1 Rh8 42. Nxa6+ Ka7 43. Qd7+ Kxa6 44. Rxg3 Qh2+ 45. Kf1 Qe2+ 46. Kg1 Qh2+ 47. Kf1 Qh1+ 48. Kf2 Rh2+ 49. Ke3 Qe1+ 50. Kf4 Ne2+ 0-1

[Event "Ankara Baskent Univ op 6th"]
[Site "Ankara"]
[Date "2023.08.18"]
[Round "6"]
[White "Yungucu, Arda"]
[Black "Mohannad, Farhan"]
[Result "0-1"]
[WhiteElo "2043"]
[BlackElo "2140"]
[PlyCount "137"]
[EventDate "2023.08.15"]
[EventType "swiss"]
[EventRounds "9"]
[EventCountry "TUR"]
[SourceTitle "CBM 215 Extra"]
[Source "ChessBase"]
[SourceDate "2023.09.30"]
[SourceVersion "1"]
[SourceVersionDate "2023.09.30"]
[SourceQuality "1"]

1. Nf3 g6 2. g3 Bg7 3. Bg2 e5 4. d3 d5 5. 0-0 Ne7 6. e4 Nbc6 7. Nbd2 0-0 8. c3 a5 9. Re1 Re8 10. exd5 Nxd5 11. Nc4 h6 12. d4 exd4 13. Rxe8+ Qxe8 14. Nxd4 Nxd4 15. Bxd5 Ne2+ 16. Kg2 Bg4 17. Qd3 Nxc1 18. Rxc1 Be2 19. Qe3 Qxe3 20. Nxe3 c6 21. Bf3 Ba6 22. Rd1 Kf8 23. h4 h5 24. g4 hxg4 25. Bxg4 Bf6 26. h5 gxh5 27. Bxh5 Rd8 28. Rxd8+ Bxd8 29. Kf3 b6 30. Bg4 Bc7 31. Ke4 Bb7 32. c4 Bd6 33. f3 Bc5 34. Bh5 a4 35. b3 axb3 36. axb3 Ke7 37. Bg4 Kf6 38. Bd7 Ke7 39. Bf5 Kd6 40. Nc2 Bg1 41. Kd3 Ke5 42. Bh7 Kf4 43. b4 Bc8 44. Nd4 Bxd4 45. Kxd4 Bd7 46. Bc2 f6 47. Bd1 Be8 48. Be2 Bf7 49. Bd3 Bh5 50. b5 c5+ 51. Kd5 Bxf3+ 52. Kd6 Ke3 53. Bf5 Kd4 54. Kc7 Kxc4 55. Kxb6 Kb4 56. Ka6 Be2 57. Bd7 Bd3 58. Kb6 f5 59. Kc7 Bxb5 60. Bxf5 c4 61. Kd6 c3 62. Kd5 Bd7 63. Be4 Kb3 64. Kd4 Kb2 65. Kc4 Ba4 66. Kb4 Bc2 67. Bc6 Bb3 68. Be4 Ba2 69. Bg6 0-1

[Event "TUR-chT 2nd League"]
[Site "Konya"]
[Date "2022.08.27"]
[Round "8.6"]
[White "Yungucu, Arda"]
[Black "Aydogdu, Cagatay"]
[Result "1-0"]
[WhiteElo "2060"]
[BlackElo "1862"]
[PlyCount "101"]
[EventDate "2022.08.22"]
[EventType "team-swiss"]
[EventRounds "9"]
[EventCountry "TUR"]
[SourceTitle "CBM 210 Extra"]
[Source "ChessBase"]
[SourceDate "2022.11.30"]
[SourceVersion "1"]
[SourceVersionDate "2022.11.30"]
[SourceQuality "1"]
[WhiteTeam "Eskiseh Tasci"]
[BlackTeam "Marmara Universitesi"]
[WhiteTeamCountry "TUR"]
[BlackTeamCountry "TUR"]

1. Nf3 g6 2. g3 Bg7 3. Bg2 d5 4. 0-0 Bg4 5. c4 c6 6. cxd5 cxd5 7. Nc3 Bxf3 8. Bxf3 e6 9. d3 Ne7 10. Qb3 Qd7 11. e4 Nbc6 12. Ne2 0-0 13. Bg2 a5 14. Be3 a4 15. Qa3 b5 16. d4 Rfc8 17. Rac1 Bf8 18. Qd3 Nb4 19. Qd2 Nec6 20. a3 Na6 21. exd5 exd5 22. Nf4 Nc7 23. Bh3 f5 24. Qe2 Re8 25. Qf3 Re4 26. g4 Bh6 27. gxf5 Bxf4 28. fxg6 Qe8 29. Rxc6 Qxc6 30. gxh7+ Kh8 31. Bxf4 Ne8 32. Be5+ Ng7 33. Qf7 Qh6 34. Be6 Kxh7 35. Bf5+ Kh8 36. Bxe4 dxe4 37. Kh1 Rg8 38. Rg1 Kh7 39. Rxg7+ Rxg7 40. Qxg7+ Qxg7 41. Bxg7 Kxg7 42. Kg2 Kf6 43. Kf1 Ke6 44. Ke2 Kd5 45. h4 Kc4 46. h5 Kb3 47. h6 Kxb2 48. h7 Kxa3 49. h8Q b4 50. d5 Ka2 51. Qd4 1-0

[Event "TUR-chT 2nd League"]
[Site "Konya"]
[Date "2022.08.22"]
[Round "1.10"]
[White "Karahan, Anil"]
[Black "Yungucu, Arda"]
[Result "1/2-1/2"]
[WhiteElo "1787"]
[BlackElo "2060"]
[PlyCount "78"]
[EventDate "2022.08.22"]
[EventType "team-swiss"]
[EventRounds "9"]
[EventCountry "TUR"]
[SourceTitle "CBM 210 Extra"]
[Source "ChessBase"]
[SourceDate "2022.11.30"]
[SourceVersion "1"]
[SourceVersionDate "2022.11.30"]
[SourceQuality "1"]
[WhiteTeam "Duzce AS"]
[BlackTeam "Eskiseh Tasci"]
[WhiteTeamCountry "TUR"]
[BlackTeamCountry "TUR"]

1. Nf3 Nf6 2. b4 g6 3. Bb2 d6 4. e4 Bg7 5. g3 0-0 6. Qe2 c6 7. Bg2 Qb6 8. a3 a5 9. c3 Bd7 10. d4 axb4 11. axb4 Rxa1 12. Bxa1 c5 13. 0-0 cxb4 14. c4 Nc6 15. Nbd2 Ra8 16. d5 Nb8 17. Bd4 Qc7 18. e5 dxe5 19. Bxe5 Qd8 20. Rb1 Na6 21. Nd4 Qb6 22. N4b3 Bg4 23. Qe1 Rd8 24. Bd4 Qc7 25. Rc1 Ne8 26. Qe3 Bxd4 27. Qxd4 Nf6 28. c5 Qd7 29. Nc4 Bh3 30. Ne5 Qf5 31. Bh1 Nc7 32. c6 bxc6 33. Nxc6 Re8 34. Nxb4 Nb5 35. Qc5 Nd6 36. Nd4 Qg5 37. Nf3 Qf5 38. Nd4 Qg5 39. Nf3 Qf5 1/2-1/2

[Event "EU-ch Amateur U2300"]
[Site "Rhodes"]
[Date "2019.04.08"]
[Round "3"]
[White "Samaridis, Konstantinos"]
[Black "Yungucu, Arda"]
[Result "1/2-1/2"]
[WhiteElo "2022"]
[BlackElo "1959"]
[PlyCount "67"]
[EventDate "2019.04.06"]
[EventType "tourn"]
[EventRounds "9"]
[EventCountry "GRE"]
[SourceTitle "CBM 189 Extra"]
[Source "ChessBase"]
[SourceDate "2019.06.03"]
[SourceVersion "1"]
[SourceVersionDate "2019.06.03"]
[SourceQuality "1"]

1. e4 c5 2. Nf3 Nc6 3. d4 cxd4 4. Nxd4 Nf6 5. Nc3 e5 6. Ndb5 d6 7. Bg5 a6 8. Na3 b5 9. Nd5 Be7 10. Bxf6 Bxf6 11. c4 b4 12. Nc2 a5 13. g3 Bg5 14. h4 Bh6 15. Bh3 0-0 16. Kf1 Be6 17. Kg2 Ne7 18. Nxe7+ Qxe7 19. Qd3 g6 20. h5 Kg7 21. Bxe6 fxe6 22. hxg6 hxg6 23. Ne3 Bxe3 24. Qxe3 Rh8 25. Rxh8 Rxh8 26. Qb6 Rc8 27. Rh1 Qc7 28. Qe3 Qxc4 29. Qh6+ Kf7 30. Qh7+ Kf6 31. Qh4+ Kf7 32. Qh7+ Kf6 33. Qh4+ Kf7 34. Qh7+ 1/2-1/2

[Event "EU-ch Amateur U2300"]
[Site "Rhodes"]
[Date "2019.04.07"]
[Round "2"]
[White "Yungucu, Arda"]
[Black "Zherebtsova, Alexandra"]
[Result "0-1"]
[WhiteElo "1959"]
[BlackElo "2203"]
[PlyCount "234"]
[EventDate "2019.04.06"]
[EventType "tourn"]
[EventRounds "9"]
[EventCountry "GRE"]
[SourceTitle "CBM 189 Extra"]
[Source "ChessBase"]
[SourceDate "2019.06.03"]
[SourceVersion "1"]
[SourceVersionDate "2019.06.03"]
[SourceQuality "1"]

1. Nf3 d5 2. g3 g6 3. Bg2 Bg7 4. 0-0 e5 5. d3 Ne7 6. e4 0-0 7. exd5 Nxd5 8. Bg5 f6 9. Bd2 Nc6 10. Nc3 Nde7 11. Be3 Nf5 12. Bc5 Re8 13. Nd2 Be6 14. Nc4 Qd7 15. Ne4 Rad8 16. Ne3 b6 17. Ng4 Kf7 18. Ba3 Nfd4 19. Ne3 Nb5 20. Ng5+ fxg5 21. Qf3+ Kg8 22. Qxc6 Nxa3 23. Qxd7 Bxd7 24. bxa3 e4 25. Rad1 exd3 26. Rxd3 Be6 27. Nd5 Bf5 28. Ne7+ Kf7 29. Nxf5 gxf5 30. Bc6 Rf8 31. Rfd1 Rxd3 32. Rxd3 Ke6 33. Kf1 Be5 34. Ke2 Bd6 35. a4 a5 36. Re3+ Kf6 37. Bd5 Be5 38. h4 gxh4 39. f4 Bd6 40. Re6+ Kg7 41. gxh4 Bxf4 42. h5 Rf6 43. Rxf6 Kxf6 44. Bg8 h6 45. Bb3 Ke5 46. Kd3 Bg5 47. Bf7 Kf4 48. Be6 Bf6 49. Bd7 Bb2 50. Be6 Ba3 51. Bd7 Bc5 52. Be6 Kg5 53. Bd7 f4 54. Ke4 Bd6 55. Be8 Kg4 56. Kd3 Kf3 57. Bc6+ Kf2 58. Bd5 f3 59. Bc6 Bc5 60. Bd5 Kg3 61. Bc6 Kg4 62. Be8 f2 63. Ke2 Kf4 64. Bc6 Ke5 65. c3 Kf4 66. Bd5 Kg3 67. Bc6 Ba3 68. Bd5 Bb2 69. c4 Bd4 70. Bc6 Kg4 71. Bf3+ Kf4 72. Bg2 Bc5 73. Bc6 Ke5 74. Kf1 Bd4 75. Ke2 Kd6 76. Bg2 Kc5 77. Kd3 Bf6 78. a3 Bb2 79. Ke2 Kxc4 80. Kxf2 Bxa3 81. Ke1 c5 82. Kd2 Kb3 83. Bc6 c4 84. Bd5 Bb2 85. Be6 b5 86. axb5 a4 87. Bf5 Bc3+ 88. Kc1 a3 89. Bc2+ Kb4 90. Bb1 Kxb5 91. Kc2 Be5 92. Ba2 Kc5 93. Bb1 Kd4 94. Ba2 c3 95. Bb1 Ke3 96. Kb3 Kd2 97. Kxa3 c2 98. Bxc2 Kxc2 99. Ka2 Bd4 100. Ka3 Bc5+ 101. Ka2 Be3 102. Ka3 Kd3 103. Kb3 Ke2 104. Kc3 Bg5 105. Kd4 Be3+ 106. Ke4 Bc5 107. Kf4 Kf2 108. Kg4 Kg2 109. Kh4 Be7+ 110. Kg4 Bg5 111. Kf5 Kf3 112. Ke5 Be3 113. Kf5 Bf4 114. Kg6 Kg4 115. Kf6 Kxh5 116. Kf5 Bg5 117. Ke4 Kg4 0-1

[Event "EU-ch Amateur U2300"]
[Site "Rhodes"]
[Date "2019.04.06"]
[Round "1"]
[White "Andreev, Stanislav"]
[Black "Yungucu, Arda"]
[Result "0-1"]
[WhiteElo "2140"]
[BlackElo "1959"]
[PlyCount "108"]
[EventDate "2019.04.06"]
[EventType "tourn"]
[EventRounds "9"]
[EventCountry "GRE"]
[SourceTitle "CBM 189 Extra"]
[Source "ChessBase"]
[SourceDate "2019.06.03"]
[SourceVersion "1"]
[SourceVersionDate "2019.06.03"]
[SourceQuality "1"]

1. d4 Nf6 2. c4 g6 3. Nc3 Bg7 4. e4 d6 5. f3 0-0 6. Be3 e5 7. d5 c6 8. Qd2 b5 9. dxc6 bxc4 10. Bxc4 Nxc6 11. Nge2 Na5 12. Bb5 Be6 13. 0-0 a6 14. Bd3 d5 15. exd5 Nxd5 16. Bc5 Nxc3 17. Nxc3 Re8 18. Rfd1 Qc7 19. Qf2 Nc6 20. Ne4 Nd4 21. b4 f5 22. Nd6 Red8 23. Nc4 Qf7 24. Nb6 Ra7 25. Bf1 a5 26. b5 Rc7 27. Na4 Rcd7 28. b6 Bd5 29. Nc3 Bc4 30. Rac1 Bh6 31. Rb1 Bxf1 32. Qxf1 Rc8 33. Bxd4 exd4 34. Nb5 Be3+ 35. Kh1 Qxa2 36. Na7 Rb8 37. Nc6 Rbb7 38. Qb5 d3 39. Qe5 f4 40. Qe8+ Kg7 41. Nd8 Re7 42. Qc6 Qc2 43. Qd6 Rbd7 44. Ne6+ Kf6 45. Qb8 Kxe6 46. Qg8+ Kf6 47. Qf8+ Rf7 48. Qh8+ Kg5 49. g4 Qe2 50. Rf1 Kh4 51. Rbe1 Kh3 52. Rxe2 dxe2 53. Re1 Rd1 54. Qc3 Bd2 0-1

[Event "TUR-chT2"]
[Site "Konya"]
[Date "2018.07.12"]
[Round "5.4"]
[White "Gallevci, Yagiz"]
[Black "Yungucu, Arda"]
[Result "0-1"]
[WhiteElo "1809"]
[BlackElo "1875"]
[PlyCount "108"]
[EventDate "2018.07.10"]
[EventType "team-swiss"]
[EventRounds "9"]
[EventCountry "TUR"]
[SourceTitle "EXT 2019"]
[Source "ChessBase"]
[SourceDate "2018.10.10"]
[SourceVersion "1"]
[SourceVersionDate "2018.10.10"]
[SourceQuality "1"]
[WhiteTeam "Burhaniye"]
[BlackTeam "Antalya Buyuk Ustalar"]
[WhiteTeamCountry "TUR"]
[BlackTeamCountry "TUR"]

1. d4 Nf6 2. Bf4 g6 3. c3 Bg7 4. Nd2 0-0 5. e3 d6 6. Ngf3 Nbd7 7. Bc4 Qe8 8. h3 e5 9. dxe5 dxe5 10. Bh2 a6 11. a4 e4 12. Nd4 c5 13. Ne2 Qe7 14. 0-0 Ne5 15. Qc2 Rd8 16. Rad1 Rxd2 17. Qxd2 Nxc4 18. Qd8+ Bf8 19. b3 Nb2 20. Rd6 Qxd8 21. Rxd8 Kg7 22. f3 Be7 23. Rd2 Nd3 24. fxe4 c4 25. bxc4 Nc5 26. Be5 Be6 27. g4 h6 28. Ng3 Bxc4 29. Rf3 Rc8 30. h4 Nd3 31. Bd4 Ne1 32. Rff2 Nd3 33. Rxd3 Bxd3 34. g5 hxg5 35. hxg5 Rc6 36. Rd2 Bc4 37. Rb2 b5 38. axb5 axb5 39. Rf2 Bd8 40. Rf4 Kg8 41. gxf6 Re6 42. Nh1 Bc7 43. Rh4 Be5 44. Bxe5 Rxe5 45. Nf2 Be2 46. Ng4 Rg5 47. Kf2 Bxg4 48. Ke1 Be6 49. Kd2 Rh5 50. Rf4 Bc4 51. Ke1 Rh1+ 52. Kd2 Rh2+ 53. Kd1 g5 54. Rf5 Rg2 0-1